01012cpmaa2200253 a 4500001001300000003000400013005001700017008004100034010001700075040002900092072001200121100004900133245004800182300001300230506002200243520017600265545006000441546003600501580005700537600003400594651005000628656002700678656005300705mm 90006223 DLC20260227111723.0910718|||||||||||| eng  amm 90006223  aDLCcDLCdDLCedacsdDLC 7aW2lcmd1 aDunn, W. McKeeq(William McKee),d1814-1887.00aPetition recommending W. McKee Dunn,f1864. a1fitem.0 aOpen to research.8 aPetition (1864 July) signed by members of Congress and sent to Abraham Lincoln in July 1864 recommending Dunn as assistant judge advocate general with the rank of colonel.0 aU.S. Army officer and U.S. representative from Indiana. aCollection material in English. aForms part of: Miscellaneous Manuscripts collection.10aLincoln, Abraham,d1809-1865. 0aUnited StatesxHistoryyCivil War, 1861-1865. 7aArmy officers.2itoamc 7aRepresentatives, U.S. CongresszIndiana.2itoamc